[Event "Open Semana Santa 2023"]
[Site "?"]
[Date "2023.04.07"]
[Round "5.159"]
[White "Agullo Valcarcel, Carlos"]
[Black "Vicens Company, Maria Antonia"]
[Result "0-1"]
[WhiteElo "1506"]
[BlackElo "1888"]
[PlyCount "90"]

1. e4 c5 2. Nf3 a6 3. Be2 Nc6 4. O-O g6 5. d4 cxd4 6. Nxd4 Bg7 7. c3 Nf6 8.
Nxc6 bxc6 9. Nd2 O-O 10. Bf3 Bb7 11. Re1 d6 12. Nf1 Nd7 13. g3 Ne5 14. Bg2 Qc7
15. Ne3 a5 16. f4 Nd7 17. Rb1 a4 18. Qc2 Ba6 19. c4 Bb7 20. Kh1 Qa5 21. Rf1
Rfc8 22. Bd2 Qa7 23. Rfe1 Bd4 24. Ng4 Bg7 25. f5 Ne5 26. Nxe5 Bxe5 27. Bc3 Bxc3
28. Qxc3 Qa5 29. Qd3 Qe5 30. b3 axb3 31. axb3 Ra3 32. Re2 Rca8 33. Ree1 Ra2 34.
Re2 Rxe2 35. Qxe2 gxf5 36. Bf3 c5 37. Kg2 Bxe4 38. Bxe4 Qxe4+ 39. Qxe4 fxe4 40.
g4 Ra2+ 41. Kg3 e3 42. h4 e2 43. Kf2 e1=Q+ 44. Kxe1 Rh2 45. b4 Rh1+ 0-1

[Event "Open Semana Santa 2023"]
[Site "?"]
[Date "2023.04.07"]
[Round "5.160"]
[White "Perez Garcia, Saul"]
[Black "Herrera Pezo, Enoch"]
[Result "0-1"]
[WhiteElo "1885"]
[BlackElo "1603"]
[PlyCount "98"]

1. d4 Nf6 2. c4 e6 3. g3 d5 4. Bg2 Bb4+ 5. Bd2 Be7 6. Nf3 O-O 7. O-O c6 8. Qc2
Nbd7 9. a4 b6 10. a5 Bb7 11. a6 Bc8 12. cxd5 cxd5 13. Qc6 Rb8 14. Bf4 e5 15.
Nxe5 Nxe5 16. Bxe5 Bd7 17. Qc3 Rc8 18. Qd3 g6 19. Nc3 Bc6 20. Rfc1 Ng4 21. Bf4
Qd7 22. Bh3 Nxf2 23. Bxd7 Nxd3 24. Bxc8 Nxc1 25. Rxc1 Rxc8 26. Nxd5 Bd8 27. Bb8
Bd7 28. Rxc8 Bxc8 29. Bxa7 Bxa6 30. Kf2 b5 31. Bb6 Bb7 32. Bxd8 Bxd5 33. Bf6
Kf8 34. Ke3 Ke8 35. Kf4 Kd7 36. e4 Ke6 37. exd5+ Kxf6 38. g4 h6 39. h4 Ke7 40.
g5 hxg5+ 41. hxg5 f6 42. d6+ Ke6 43. d7 fxg5+ 44. Kxg5 Kxd7 45. Kxg6 Ke6 46.
Kg7 Kd5 47. Kf6 Kxd4 48. Ke6 b4 49. Kd6 b3 0-1

[Event "Open Semana Santa 2023"]
[Site "?"]
[Date "2023.04.07"]
[Round "5.161"]
[White "Kocharyan Baghdasaryan, Arman"]
[Black "Planelles Ortega, Emilio"]
[Result "1-0"]
[WhiteElo "1881"]
[BlackElo "1592"]
[PlyCount "88"]

1. e4 c5 2. Nf3 d6 3. d4 cxd4 4. Nxd4 Nf6 5. Nc3 a6 6. Bg5 e6 7. f4 Be7 8. Qf3
h6 9. Bh4 O-O 10. O-O-O Qc7 11. Bd3 Re8 12. Bf2 Bd7 13. Rhg1 Nc6 14. g4 Nxd4
15. Bxd4 e5 16. Be3 exf4 17. Bxf4 Bf8 18. g5 hxg5 19. Bxg5 Nh7 20. Be3 Qd8 21.
Nd5 Re5 22. h4 Bc6 23. Bd4 Re6 24. Rdf1 f6 25. Qf5 Re5 26. Bxe5 dxe5 27. Nxf6+
Nxf6 28. Qxf6 Qc7 29. Bc4+ Kh8 30. Qf5 Qd6 31. Qh5+ Qh6+ 32. Qxh6+ gxh6 33.
Rg8+ Kh7 34. Rfxf8 Rxf8 35. Rxf8 Bxe4 36. h5 b5 37. Rf7+ Kh8 38. Bd3 Bd5 39.
Rf6 e4 40. Rxh6+ Kg7 41. Rd6 Ba8 42. h6+ Kh7 43. Rxa6 exd3 44. Rxa8 Kxh6 1-0

[Event "Open Semana Santa 2023"]
[Site "?"]
[Date "2023.04.07"]
[Round "5.162"]
[White "Martinez Soriano, Pablo"]
[Black "Kondrashov, Ivan V"]
[Result "1-0"]
[WhiteElo "1877"]
[BlackElo "1582"]
[PlyCount "75"]

1. e4 d6 2. d4 e5 3. Nf3 Qe7 4. Nc3 c6 5. Bd3 g6 6. O-O Bg7 7. d5 Nh6 8. h3 f6
9. dxc6 bxc6 10. Bc4 Be6 11. Bb3 Nf7 12. Be3 O-O 13. Qe2 Bh6 14. Rfd1 Bxe3 15.
Qxe3 Nd7 16. Ba4 Rfc8 17. b4 a6 18. Nd2 d5 19. exd5 cxd5 20. Bxd7 Qxd7 21. Nde4
Kg7 22. Nc5 Qc6 23. Nxe6+ Qxe6 24. Nxd5 Rxc2 25. Qe4 Rac8 26. a4 Nd6 27. Qd3
Nf5 28. b5 axb5 29. axb5 Nd4 30. Ra7+ Kh8 31. Qe4 Rf8 32. Rxd4 Rc1+ 33. Kh2 f5
34. Qh4 h5 35. Qg5 Rf7 36. Nf6 Qxf6 37. Qxf6+ Rxf6 38. Rd8+ 1-0

[Event "Open Semana Santa 2023"]
[Site "?"]
[Date "2023.04.07"]
[Round "5.163"]
[White "Deusa Ballesteros, Luis Miguel"]
[Black "Bethencourt Hernandez, Valeria"]
[Result "1-0"]
[WhiteElo "1873"]
[BlackElo "1564"]
[PlyCount "63"]
[EventDate "2023.??.??"]

1. d4 Nf6 2. c4 g6 3. Nc3 Bg7 4. e4 d6 5. Nf3 O-O 6. Be2 e5 7. d5 a5 8. O-O Na6
9. Ne1 Nc5 10. Qc2 Ne8 11. Nd3 Nxd3 12. Bxd3 f5 13. f4 fxe4 14. Nxe4 Qh4 15. g3
Qe7 16. fxe5 Rxf1+ 17. Bxf1 Bxe5 18. Bg5 Qg7 19. Nc3 Bd7 20. Qd2 Bf6 21. Bh6
Qf7 22. Bg2 Ng7 23. Ne4 Qe7 24. Nxf6+ Qxf6 25. Rf1 Qe5 26. Re1 Qf5 27. Qd4 Nh5
28. Re7 Nf6 29. Rg7+ Kh8 30. Rxd7 Qxd7 31. Qxf6+ Kg8 32. Bh3 1-0

[Event "Open Semana Santa 2023"]
[Site "?"]
[Date "2023.04.07"]
[Round "5.164"]
[White "Torres Rebolledo, Marcos"]
[Black "Demerson Joly, Javier"]
[Result "1/2-1/2"]
[WhiteElo "1557"]
[BlackElo "1863"]
[PlyCount "89"]
[EventDate "2023.??.??"]

1. d4 d5 2. c4 dxc4 3. Nf3 Nf6 4. e3 Bg4 5. Bxc4 e6 6. h3 Bh5 7. Nbd2 Nbd7 8.
O-O Be7 9. b3 O-O 10. Bb2 c5 11. Be2 cxd4 12. Nxd4 Bg6 13. Nc4 Rc8 14. Bd3 a6
15. Bxg6 hxg6 16. Nf3 Nc5 17. Qe2 Qd3 18. Qe1 Qe4 19. Nce5 Nd3 20. Nxd3 Qxd3
21. Rd1 Qb5 22. Nd4 Qb6 23. Rc1 Nd5 24. Nf3 f6 25. Qe2 e5 26. Qd3 Qe6 27. Qxg6
Qf7 28. Qxf7+ Kxf7 29. Rxc8 Rxc8 30. Rd1 Ke6 31. Rd2 b5 32. Kf1 Bb4 33. Re2 Rc7
34. Ne1 Bc3 35. Bxc3 Nxc3 36. Rd2 b4 37. f3 a5 38. e4 Rd7 39. Nd3 Ke7 40. Ke1
Nxa2 41. Rxa2 Rxd3 42. Rxa5 Rxb3 43. Kf2 Kf7 44. Kg3 Rb2 45. Rb5 1/2-1/2

[Event "Open Semana Santa 2023"]
[Site "?"]
[Date "2023.04.07"]
[Round "5.166"]
[White "Morales Carmona, Jose Manuel"]
[Black "Gutierrez Lupion, Nuria"]
[Result "1-0"]
[WhiteElo "1849"]
[BlackElo "1551"]
[PlyCount "65"]

1. e4 c5 2. Nf3 d6 3. d4 cxd4 4. Nxd4 Nf6 5. f3 a6 6. c4 e6 7. Be3 Be7 8. Nc3
O-O 9. Qd2 Nc6 10. Be2 Qc7 11. O-O b6 12. a3 Bb7 13. Rac1 Rac8 14. b4 Rfd8 15.
Na4 Ne5 16. b5 Ned7 17. bxa6 Bxa6 18. c5 Bxe2 19. cxb6 Qb7 20. Qxe2 d5 21. Qb5
Bxa3 22. Ra1 Bd6 23. Rfc1 dxe4 24. Nc6 Re8 25. fxe4 Nxe4 26. Na5 Rxc1+ 27. Rxc1
Qd5 28. Qxd5 exd5 29. b7 Bb8 30. Rc8 Kf8 31. Nc6 Nd6 32. Nxb8 Nxb8 33. Bc5 1-0

[Event "Open Semana Santa 2023"]
[Site "?"]
[Date "2023.04.07"]
[Round "5.167"]
[White "Gonzalez Caceres, Lauren"]
[Black "Jimenez Carrazoni, Javier"]
[Result "0-1"]
[WhiteElo "1431"]
[BlackElo "1848"]
[PlyCount "68"]

1. e4 c5 2. Nc3 Nc6 3. g3 g6 4. Bg2 Bg7 5. d3 Nf6 6. f4 d6 7. h3 e5 8. Nf3 O-O
9. O-O Rb8 10. Ne2 b5 11. g4 exf4 12. Bxf4 Qe7 13. Qd2 b4 14. Bh6 c4 15. Bxg7
Kxg7 16. g5 Nd7 17. dxc4 Nc5 18. Ng3 Nxe4 19. Nxe4 Qxe4 20. Qxd6 Qxc4 21. Qf6+
Kg8 22. b3 Qc5+ 23. Kh1 Be6 24. Rad1 Ne7 25. Nd4 Bd5 26. Bxd5 Nxd5 27. Qf2 Nc3
28. Rd3 Qxg5 29. Rg3 Qd5+ 30. Kh2 Ne4 31. Qf3 Qxd4 32. Rd1 Qf2+ 33. Qxf2 Nxf2
34. Rd4 Rfd8 0-1

[Event "Open Semana Santa 2023"]
[Site "?"]
[Date "2023.04.07"]
[Round "5.168"]
[White "Morales Clares, Aaron"]
[Black "Stromhaug, Kristoffer Wang"]
[Result "0-1"]
[WhiteElo "1358"]
[BlackElo "1842"]
[PlyCount "120"]

1. e4 e5 2. Nf3 Nf6 3. Nxe5 d6 4. Nf3 Nxe4 5. d3 Nf6 6. Be2 d5 7. O-O Bd6 8.
Nc3 c6 9. Bg5 O-O 10. d4 h6 11. Bh4 Re8 12. Re1 Bf5 13. Bd3 Rxe1+ 14. Nxe1 Bxd3
15. Nxd3 Nbd7 16. Qe2 Qb6 17. Ne5 Bxe5 18. dxe5 Re8 19. Qd2 Rxe5 20. b3 Qb4 21.
Bg3 Re8 22. a3 Qa5 23. b4 Qa6 24. a4 Qc4 25. Nb1 Qxc2 26. f3 Qxd2 27. Nxd2 b6
28. Nb3 c5 29. bxc5 bxc5 30. Rc1 c4 31. Na5 Nc5 32. Bh4 Nfd7 33. Rd1 Nb6 34.
Bf2 Ncxa4 35. Nc6 a6 36. Ra1 c3 37. Rc1 Kh7 38. Bxb6 Nxb6 39. Rxc3 Rc8 40. Rc2
Nd7 41. Nb4 Rxc2 42. Nxc2 a5 43. Kf2 Ne5 44. f4 Nc6 45. Ke3 Kg6 46. g4 f5 47.
h3 fxg4 48. hxg4 h5 49. gxh5+ Kxh5 50. Kf3 a4 51. Kg3 Kg6 52. Kg4 Kf6 53. f5 d4
54. Nb4 Nxb4 55. Kh5 a3 56. Kh4 a2 57. Kh5 Kxf5 58. Kh4 a1=Q 59. Kh3 Qg1 60.
Kh4 Qg4# 0-1

[Event "Open Semana Santa 2023"]
[Site "?"]
[Date "2023.04.07"]
[Round "5.169"]
[White "Lopez Martinez, Jaime"]
[Black "Sanchez Lake, Alvaro"]
[Result "1-0"]
[WhiteElo "1808"]
[BlackElo "1524"]
[PlyCount "115"]

1. e4 c5 2. Nf3 d6 3. d4 cxd4 4. Nxd4 Nf6 5. Nc3 a6 6. h3 e5 7. Nde2 Be7 8. g4
O-O 9. Bg2 Be6 10. Ng3 Ne8 11. Be3 Bg5 12. Qd2 Bxe3 13. Qxe3 Nc6 14. Nf5 b5 15.
O-O Rc8 16. Rac1 Qc7 17. Nd5 Bxd5 18. exd5 Na5 19. b3 Nf6 20. Qg5 g6 21. Qxf6
gxf5 22. gxf5 Qd8 23. Qh6 f6 24. Kh1 Kh8 25. Be4 Rg8 26. Rg1 Qe7 27. Rg6 Rcf8
28. Rcg1 Nb7 29. b4 Nd8 30. R1g4 Nb7 31. Bf3 Rxg6 32. fxg6 Qg7 33. Rh4 Qxh6 34.
Rxh6 Kg7 35. Rxh7+ Kxg6 36. Rxb7 Rc8 37. Rb6 Kg5 38. Rc6 Rh8 39. Rxd6 Rxh3+ 40.
Kg2 Rh4 41. c3 e4 42. Be2 f5 43. Rxa6 f4 44. Rb6 f3+ 45. Bxf3 exf3+ 46. Kxf3
Rh3+ 47. Ke4 Rxc3 48. Rxb5 Rc2 49. d6+ Kf6 50. a4 Rxf2 51. d7 Ke7 52. Rd5 Kd8
53. Kd4 Rd2+ 54. Kc5 Rxd5+ 55. Kxd5 Kxd7 56. b5 Kc7 57. a5 Kb7 58. b6 1-0

[Event "Open Semana Santa 2023"]
[Site "?"]
[Date "2023.04.07"]
[Round "5.170"]
[White "Soto Fernandez, Diego"]
[Black "Jimenez Carrazoni, Marta Elena"]
[Result "0-1"]
[WhiteElo "1416"]
[BlackElo "1799"]
[PlyCount "50"]

1. c4 e6 2. Nc3 d5 3. cxd5 exd5 4. d4 Nf6 5. g3 Be7 6. Bg2 O-O 7. Nf3 b6 8. O-O
Bb7 9. Bf4 Na6 10. Qd2 c5 11. e3 Ne4 12. Nxe4 dxe4 13. Ne5 g5 14. Rad1 gxf4 15.
gxf4 f6 16. Ng4 Kh8 17. a3 Qc8 18. Nh6 Kg7 19. Kh1 Kxh6 20. Rg1 Rg8 21. d5 Qf5
22. Qc2 Bxd5 23. Rxd5 Qxd5 24. Bxe4 Rxg1+ 25. Kxg1 Qg8+ 0-1

[Event "Open Semana Santa 2023"]
[Site "?"]
[Date "2023.04.07"]
[Round "5.171"]
[White "Valiente Uruena, Sergio"]
[Black "Sanmartin Paya, Ignacio"]
[Result "1-0"]
[WhiteElo "1970"]
[BlackElo "1492"]
[PlyCount "47"]

1. d4 g6 2. c4 Bg7 3. Nc3 c5 4. d5 d6 5. e4 Nd7 6. Be3 Ngf6 7. Be2 Ne5 8. h3
Qb6 9. Qc2 h6 10. f4 Ned7 11. g4 Nf8 12. Nf3 N6d7 13. O-O-O Nh7 14. Bd3 Ndf8
15. e5 Bd7 16. e6 fxe6 17. Bxg6+ Kd8 18. dxe6 Bxe6 19. Ne5 Bxe5 20. fxe5 Nxg6
21. Qxg6 Nf8 22. Qg7 Rg8 23. Qxh6 Rg6 24. Qxf8+ 1-0

[Event "Open Semana Santa 2023"]
[Site "?"]
[Date "2023.04.07"]
[Round "5.172"]
[White "Molina Saorin, Raul"]
[Black "Sarto Ramos, Angel"]
[Result "0-1"]
[WhiteElo "1076"]
[BlackElo "1790"]
[PlyCount "87"]

1. e4 c6 2. Nf3 d5 3. exd5 cxd5 4. d4 Nc6 5. c3 Bg4 6. Be2 e6 7. h3 Bh5 8. Bf4
Bd6 9. Ne5 Bxe2 10. Qxe2 Bxe5 11. Bxe5 Nxe5 12. Qxe5 Nf6 13. Nd2 O-O 14. O-O
Nd7 15. Qh5 Qf6 16. Nf3 Qg6 17. Qg5 Qxg5 18. Nxg5 Rfc8 19. Rac1 Rc6 20. Nf3
Rac8 21. Rfe1 b5 22. a3 a5 23. Re3 b4 24. a4 bxc3 25. Rexc3 Rxc3 26. Rxc3 Rxc3
27. bxc3 Nb6 28. Nd2 Nxa4 29. c4 Nc3 30. c5 Ne2+ 31. Kf1 Nxd4 32. Nb1 Nc6 33.
Ke2 Kf8 34. Nc3 Ke7 35. Na4 e5 36. f3 Ke6 37. g4 Nd4+ 38. Ke3 Kd7 39. f4 f6 40.
f5 Kc6 41. h4 Nb3 42. g5 Nd4 43. g6 Nxf5+ 44. Kd3 0-1

[Event "Open Semana Santa 2023"]
[Site "?"]
[Date "2023.04.07"]
[Round "5.173"]
[White "Viudes Serra, Aaron"]
[Black "Vecillas Rey, Daniel"]
[Result "1-0"]
[WhiteElo "1787"]
[BlackElo "1465"]
[Annotator "Usuario"]
[PlyCount "117"]

1. f4 d5 2. Nf3 Nf6 3. e3 c5 4. b3 Nc6 5. Be2 h6 6. Bb2 Bf5 7. d3 e6 8. Nbd2 a6
9. a4 Be7 10. h3 Nh5 11. Nf1 Bf6 12. Ne5 Bxe5 13. fxe5 Qh4+ 14. Kd2 Ng3 15. Qe1
Nxf1+ 16. Qxf1 O-O-O 17. Qf3 d4 18. g3 Qe7 19. g4 Bh7 20. Qf4 Qc7 21. exd4 cxd4
22. Rhf1 Rd7 23. a5 Qxe5 24. Qxe5 Nxe5 25. Rf4 Nc6 26. Bf3 e5 27. Bxc6 bxc6 28.
Rf2 f6 29. h4 h5 30. g5 f5 31. Re1 Rd5 32. b4 Rhd8 33. g6 Bxg6 34. Rg2 R8d6 35.
Reg1 Be8 36. Rxg7 e4 37. Rg8 e3+ 38. Ke2 Re6 39. Rf8 Kd8 40. Rgg8 Kd7 41. c4
dxc3 42. Bxc3 Rb5 43. Rg5 Rg6 44. Kxe3 Rxg5 $11 45. hxg5 Rb7 46. Rxf5 Ke7 47.
Kf4 Rb5 48. Rf6 Rd5 49. g6 Rxd3 50. g7 Bf7 51. Rxc6 Rd6 52. Rc8 Rd8 53. Bf6+
Kxf6 54. Rxd8 Kxg7 55. Rd7 Kf8 56. Rxf7+ Kxf7 57. b5 h4 58. bxa6 h3 59. Kg3 1-0

[Event "Open Semana Santa 2023"]
[Site "?"]
[Date "2023.04.07"]
[Round "5.174"]
[White "Cerdo Fernandez, Miguel"]
[Black "Garcia Fuentes, Jorge"]
[Result "1-0"]
[WhiteElo "1783"]
[BlackElo "1412"]
[PlyCount "69"]

1. e4 d5 2. exd5 Nf6 3. Nf3 Bg4 4. Be2 Nxd5 5. d4 Nc6 6. O-O e6 7. c4 Nb6 8. b3
Qd7 9. Be3 O-O-O 10. Nc3 Bb4 11. Qc2 Kb8 12. Rfd1 Qe7 13. Qb2 Ba3 14. Qc2 Bb4
15. a4 Rd7 16. Qb2 Rhd8 17. Ne4 f6 18. Ng3 Qf7 19. h3 Bxf3 20. Bxf3 Na5 21. Ne2
Qe7 22. Nc3 a6 23. c5 Nd5 24. Nxd5 Rxd5 25. Bxd5 Rxd5 26. Bd2 Nc6 27. Bxb4 Nxb4
28. Qc3 a5 29. Rd2 Qd7 30. Qe3 Nc6 31. Rad1 Qe7 32. Re1 e5 33. f4 Rxd4 34. Rxd4
Nxd4 35. Qxd4 1-0

[Event "Open Semana Santa 2023"]
[Site "?"]
[Date "2023.04.07"]
[Round "5.175"]
[White "Soler Ollero, Guillermo"]
[Black "Tamiolakis, Grigorios"]
[Result "1/2-1/2"]
[WhiteElo "1770"]
[BlackElo "1272"]
[PlyCount "48"]

1. d4 d5 2. Bf4 Nf6 3. e3 c5 4. c3 Bf5 5. Qb3 Qd7 6. Nf3 c4 7. Qd1 Nc6 8. Nbd2
e6 9. Be2 Be7 10. h3 h6 11. O-O O-O 12. Ne5 Nxe5 13. dxe5 Ne4 14. Nxe4 Bxe4 15.
Bxc4 Qc6 16. Bd3 Rfd8 17. Bxe4 dxe4 18. Qc2 Rd3 19. Rad1 Rad8 20. Rxd3 Rxd3 21.
Rd1 Qd5 22. Rxd3 exd3 23. Qb1 d2 24. Qd1 Bg5 1/2-1/2

[Event "Open Semana Santa 2023"]
[Site "?"]
[Date "2023.04.07"]
[Round "5.176"]
[White "Sivanandan, Bodhana"]
[Black "Ortega Moya, Juan Francisco"]
[Result "1-0"]
[WhiteElo "1746"]
[BlackElo "1271"]
[PlyCount "65"]

1. e4 c5 2. Nc3 Nc6 3. f4 d6 4. Nf3 f5 5. Bb5 a6 6. Bxc6+ bxc6 7. d3 Nf6 8. e5
dxe5 9. Nxe5 Qc7 10. Be3 e6 11. Qf3 Bd7 12. h3 Bd6 13. Nc4 O-O 14. O-O Be8 15.
Nxd6 Qxd6 16. Qf2 Nd7 17. Na4 Rf6 18. Bxc5 Nxc5 19. Qxc5 Qd5 20. Qxd5 cxd5 21.
Nc5 Rc8 22. d4 Bb5 23. Rfe1 Rf7 24. Rxe6 a5 25. Rae1 g6 26. Rb6 Bc6 27. Ra6 Kf8
28. Rxa5 Ra8 29. Rxa8+ Bxa8 30. b4 Bc6 31. a4 Ra7 32. b5 Bd7 33. Nxd7+ 1-0

[Event "Open Semana Santa 2023"]
[Site "?"]
[Date "2023.04.07"]
[Round "5.177"]
[White "Olivares Romero, Sara"]
[Black "Yug Amit Sonigara"]
[Result "0-1"]
[WhiteElo "1743"]
[BlackElo "1230"]
[Annotator "Usuario"]
[PlyCount "116"]
[EventDate "2023.??.??"]

1. e4 c5 2. Nf3 Nc6 3. c3 Nf6 4. e5 Nd5 5. d4 cxd4 6. cxd4 d6 7. a3 Bg4 8. exd6
Qxd6 9. Bb5 e6 10. O-O Be7 11. Nc3 O-O 12. Be2 Rfd8 13. Be3 Rac8 14. Ne4 Qd7
15. Qd2 Nf6 16. Nc3 Bxf3 17. Bxf3 Nxd4 18. Qxd4 Qxd4 19. Bxd4 Rxd4 20. Rfd1
Rxd1+ 21. Rxd1 b6 22. g3 g6 23. Rd2 Kg7 24. Kg2 Bc5 25. h3 Bxa3 26. Nb5 Bb4 27.
Nxa7 $11 Rc7 28. Rd4 Bc5 29. Ra4 Rd7 30. b4 Bxb4 31. Rxb4 Rxa7 32. Rxb6 Nd5 33.
Rb2 Kf6 34. Re2 Ra3 35. Bg4 h5 36. Bf3 h4 37. Rd2 hxg3 38. fxg3 Ke5 39. Kf2 Nc3
40. Rc2 Ra2 41. Rxa2 Nxa2 42. Ke3 Nc3 43. Bc6 g5 44. g4 Nd5+ 45. Kf3 Nf4 46.
Kg3 Ng6 47. Be8 Nh8 48. Bb5 Ke4 49. Kf2 f6 50. Bd7 e5 51. Bc6+ Kd3 52. Kf3 Nf7
53. Be4+ Kd4 54. Bg6 e4+ 55. Ke2 Nd6 56. Bh7 Nc4 57. Bg8 Ne5 58. Bh7 Nd3 0-1

[Event "Open Semana Santa 2023"]
[Site "?"]
[Date "2023.04.07"]
[Round "5.179"]
[White "Xia, Yan"]
[Black "Rodriguez Garcia, Miguel"]
[Result "0-1"]
[WhiteElo "1119"]
[BlackElo "1857"]
[PlyCount "48"]

1. e4 c6 2. d4 d5 3. e5 Bf5 4. Nf3 e6 5. Be2 c5 6. c3 Nc6 7. O-O Qb6 8. Nbd2 a6
9. Re1 cxd4 10. cxd4 Nxd4 11. Nxd4 Qxd4 12. Qb3 Bc5 13. Rf1 b5 14. Qg3 Bf8 15.
Nb3 Qb6 16. Be3 Qd8 17. Rac1 Ne7 18. Nc5 Ng6 19. Nb7 Qd7 20. Nd6+ Bxd6 21. exd6
e5 22. Bc5 O-O 23. Bd3 Nf4 24. Rcd1 Bxd3 0-1

[Event "Open Semana Santa 2023"]
[Site "?"]
[Date "2023.04.07"]
[Round "5.180"]
[White "Perez Garcia, Jimena"]
[Black "Franch Moreno, Marcelo"]
[Result "1-0"]
[WhiteElo "1852"]
[BlackElo "1461"]
[PlyCount "57"]

1. d4 Nf6 2. c4 g6 3. Nc3 Bg7 4. e4 d6 5. Be2 O-O 6. Be3 Nbd7 7. g4 c5 8. g5
Ne8 9. d5 Qa5 10. Bd2 f6 11. h4 fxg5 12. hxg5 a6 13. f4 Rf7 14. Nf3 Nf8 15. e5
e6 16. Ne4 Qd8 17. Be3 b5 18. Nf6+ Nxf6 19. gxf6 Bh8 20. Ng5 Rb7 21. dxe6 Bxe6
22. Nxe6 Nxe6 23. Qd5 Qd7 24. f5 gxf5 25. Rg1+ Kf8 26. Bh6+ Bg7 27. Rxg7 Nxg7
28. fxg7+ Ke7 29. Bg5+ 1-0

[Event "Open Semana Santa 2023"]
[Site "?"]
[Date "2023.04.07"]
[Round "5.181"]
[White "Gomar Juan, Miguel"]
[Black "Otazu Casanes, Abel"]
[Result "1-0"]
[WhiteElo "1807"]
[BlackElo "1460"]
[PlyCount "139"]
[EventDate "2023.??.??"]

1. d4 Nf6 2. c4 e6 3. Nc3 d5 4. Nf3 c6 5. cxd5 exd5 6. Bg5 Be7 7. e3 a6 8. Bh4
Bf5 9. Bd3 Ne4 10. Bxe7 Qxe7 11. Qc2 Nxc3 12. bxc3 Be4 13. Ne5 Bxd3 14. Qxd3
Nd7 15. Nxd7 Qxd7 16. O-O h5 17. e4 O-O-O 18. e5 h4 19. f4 h3 20. g3 g6 21.
Rae1 Rde8 22. f5 gxf5 23. Qxf5 Qxf5 24. Rxf5 Re7 25. Ref1 Rh7 26. Rf6 Kc7 27.
Kf2 a5 28. Ke3 b5 29. Rd6 Rd7 30. Rdf6 a4 31. a3 Re7 32. R1f5 Rd7 33. Rg5 Re7
34. Rg8 Rd7 35. Rg4 Rd8 36. Rh4 Rdh8 37. Rff4 Kb6 38. Rxh7 Rxh7 39. Rh4 Rg7 40.
Rxh3 Rg4 41. Rh4 Rg7 42. Rf4 Rh7 43. h4 Kc7 44. Rf6 Kd7 45. Kf4 Kc7 46. Kf5
Rh5+ 47. Kg4 Rh7 48. h5 Rg7+ 49. Kf4 Rh7 50. h6 Kd7 51. g4 Kc7 52. g5 Kd7 53.
Kf5 Kc7 54. e6 fxe6+ 55. Kxe6 Kd8 56. Rf8+ Kc7 57. Rf7+ Rxf7 58. Kxf7 Kb6 59.
h7 c5 60. h8=Q c4 61. Qb8+ Ka6 62. g6 b4 63. axb4 a3 64. Qa8+ Kb5 65. Qxa3 Kb6
66. g7 Kb7 67. g8=Q Kb6 68. Qg6+ Kb7 69. Qaa6+ Kb8 70. Qgd6# 1-0

[Event "Open Semana Santa 2023"]
[Site "?"]
[Date "2023.04.07"]
[Round "5.182"]
[White "Gil Bayo, Daniel"]
[Black "Hernandez Gonzalez, Manuel"]
[Result "0-1"]
[WhiteElo "1433"]
[BlackElo "1800"]
[PlyCount "50"]
[EventDate "2023.??.??"]

1. d4 Nf6 2. c4 g6 3. Nc3 Bg7 4. Nf3 O-O 5. e4 d6 6. h3 c5 7. d5 b5 8. cxb5 a6
9. bxa6 Bxa6 10. Bxa6 Nxa6 11. Qe2 Qa5 12. O-O Rfb8 13. Nd2 Nb4 14. Nc4 Qa6 15.
Re1 Nd7 16. a3 Ne5 17. Nxe5 Bxe5 18. Bh6 Nd3 19. Reb1 Nxb2 20. Qxa6 Rxa6 21.
Nd1 Rab6 22. Nxb2 Rxb2 23. Rxb2 Rxb2 24. a4 Rb4 25. Ra2 Rb1+ 0-1

[Event "Open Semana Santa 2023"]
[Site "?"]
[Date "2023.04.07"]
[Round "5.183"]
[White "Xia, Zhe"]
[Black "Zotes Flecha, Luis"]
[Result "0-1"]
[WhiteElo "1366"]
[BlackElo "1737"]
[PlyCount "116"]
[EventDate "2023.??.??"]

1. d4 g6 2. c4 Bg7 3. e4 d6 4. Nc3 c6 5. Nf3 Nd7 6. Be2 a6 7. a4 Qc7 8. Be3 e5
9. d5 c5 10. a5 Ne7 11. Qd2 O-O 12. Bh6 f5 13. Bxg7 Kxg7 14. Qg5 Nf6 15. Bd3 h6
16. Qd2 f4 17. g3 g5 18. h4 g4 19. gxf4 gxf3 20. f5 Kh7 21. O-O-O Bd7 22. Rdg1
Rg8 23. Nd1 Rxg1 24. Rxg1 Rg8 25. Rxg8 Nexg8 26. Qe3 Be8 27. Qxf3 Bh5 28. Qg3
Qxa5 29. f4 Qa1+ 30. Bb1 Nxe4 31. f6 Qxb1+ 32. Kxb1 Nxg3 33. fxe5 Bxd1 34. f7
Kg7 35. fxg8=Q+ Kxg8 36. exd6 Kf7 37. Kc1 Bb3 38. Kd2 Bxc4 39. Ke3 Nf5+ 40. Kf4
Nxd6 41. Ke5 Ke7 42. h5 Be2 43. Kf4 Bxh5 44. Kg3 Bf7 45. Kg4 Bxd5 46. Kh5 Nc4
47. Kxh6 Nxb2 48. Kg5 c4 49. Kf4 Nd1 50. Ke5 c3 51. Kxd5 c2 52. Ke4 c1=Q 53.
Kd5 Qd2+ 54. Ke4 Ke6 55. Kf3 Kf5 56. Kg3 Qf2+ 57. Kh3 Qg1 58. Kh4 Qg4# 0-1

[Event "Open Semana Santa 2023"]
[Site "?"]
[Date "2023.04.07"]
[Round "5.184"]
[White "Taquet, Eric"]
[Black "Debbeler, Adrian"]
[Result "1/2-1/2"]
[WhiteElo "1344"]
[BlackElo "1709"]
[PlyCount "64"]

1. e4 e5 2. Nf3 Nc6 3. d4 exd4 4. Bc4 d6 5. Nxd4 Nf6 6. Nc3 Be7 7. O-O O-O 8.
Bf4 Bg4 9. f3 Nxd4 10. Qxd4 Be6 11. Rad1 b6 12. Rd2 Qc8 13. Re1 d5 14. Nxd5
Nxd5 15. exd5 Bc5 16. Qxc5 bxc5 17. dxe6 Qb7 18. exf7+ Kh8 19. Rd7 h6 20. Bd5
Qb4 21. Re4 Qb5 22. Rxc7 Rad8 23. Bc4 Qxb2 24. Bb3 Qc3 25. Kf2 Qf6 26. Rce7 c4
27. Bxc4 Rd4 28. Re8 Rxe4 29. Rxf8+ Kh7 30. Bd3 Qxf4 31. Bxe4+ g6 32. Rg8 Qd2+
1/2-1/2

[Event "Open Semana Santa 2023"]
[Site "?"]
[Date "2023.04.07"]
[Round "5.185"]
[White "Chernyshov, Georgii"]
[Black "Casao Benedi, Luis"]
[Result "1-0"]
[WhiteElo "1652"]
[BlackElo "1440"]
[PlyCount "135"]
[EventDate "2023.??.??"]

1. Nf3 d5 2. g3 Nf6 3. Bg2 c6 4. O-O e6 5. d4 Bd6 6. c4 Nbd7 7. Nc3 O-O 8. Nd2
Re8 9. e4 dxe4 10. Ndxe4 Bc7 11. b3 Nxe4 12. Nxe4 b6 13. d5 exd5 14. cxd5 cxd5
15. Qxd5 Ba6 16. Rd1 Nf8 17. Qh5 Qe7 18. Bb2 Rad8 19. Qg4 Be5 20. Bxe5 Rxd1+
21. Rxd1 Qxe5 22. f4 Qb2 23. Re1 Kh8 24. Qh5 Qd4+ 25. Kh1 Qd7 26. Rd1 Qc7 27.
Nd6 Re7 28. Nb5 Qc8 29. Nd4 Bb7 30. Qh4 Bxg2+ 31. Kxg2 Qe8 32. Rc1 Qa8+ 33. Kg1
Qe4 34. Rc4 Qe3+ 35. Kg2 Qe4+ 36. Kh3 Re8 37. f5 Qxh4+ 38. Kxh4 f6 39. g4 a6
40. Rc6 Rb8 41. Rd6 Kg8 42. Nc6 Rb7 43. Nb4 a5 44. Nd5 b5 45. Ra6 Rd7 46. Nc3
b4 47. Ne4 Rd4 48. Nc5 Rd2 49. Rxa5 Rxh2+ 50. Kg3 Rc2 51. Na6 Rd2 52. Nxb4 Nd7
53. Rd5 Rxd5 54. Nxd5 Kf7 55. b4 Ke8 56. a4 Kd8 57. Kf4 g5+ 58. Ke4 Kc8 59. a5
Kb7 60. Kd4 Ka6 61. Nc7+ Kb7 62. Ne8 Ka6 63. Kd5 h5 64. gxh5 g4 65. Ke4 g3 66.
Kf3 g2 67. Kxg2 Kb5 68. h6 1-0

[Event "Open Semana Santa 2023"]
[Site "?"]
[Date "2023.04.07"]
[Round "5.186"]
[White "Rossello Sanchez, Bartolome"]
[Black "Prieto Sanchez, Manuel"]
[Result "1-0"]
[WhiteElo "1629"]
[BlackElo "1430"]
[PlyCount "41"]

1. d4 Nf6 2. Bf4 e6 3. e3 c5 4. Nf3 Nc6 5. Nbd2 d5 6. c3 cxd4 7. exd4 Bd6 8.
Bg3 O-O 9. Bd3 Re8 10. Ne5 Qc7 11. f4 Qe7 12. Bh4 Qd8 13. g4 Be7 14. g5 Nd7 15.
Bxh7+ Kf8 16. Nxf7 Kxf7 17. Qh5+ Kf8 18. Bg6 Nf6 19. gxf6 Bxf6 20. Qh8+ Ke7 21.
Qxg7+ 1-0

[Event "Open Semana Santa 2023"]
[Site "?"]
[Date "2023.04.07"]
[Round "5.187"]
[White "Prochaieva, Tina"]
[Black "Aracil Martinez, Arnau"]
[Result "1-0"]
[WhiteElo "1627"]
[BlackElo "1421"]
[PlyCount "117"]

1. d4 d5 2. Nf3 e6 3. c4 Nf6 4. Nc3 a6 5. a4 Nc6 6. Bg5 Be7 7. e3 Na5 8. cxd5
exd5 9. Bd3 O-O 10. O-O Bg4 11. h3 Bh5 12. Be2 Nc6 13. Rc1 Re8 14. Nd2 Bxe2 15.
Qxe2 Qd7 16. Nf3 h6 17. Bh4 Nh7 18. Bxe7 Rxe7 19. Qc2 Nb4 20. Qb3 a5 21. Ne5
Qe6 22. Ne2 c6 23. Ng3 Rc8 24. Nd3 Nxd3 25. Qxd3 Qd7 26. Rc2 Ng5 27. Rfc1 Rce8
28. Rc5 Ra8 29. Nf1 Ne4 30. R5c2 Re6 31. Nd2 Rae8 32. Nxe4 dxe4 33. Qd2 Rg6 34.
Kh1 Rg5 35. Rc5 Ree5 36. Qxa5 Ref5 37. Rxf5 Rxf5 38. Qe1 Qe7 39. Kg1 Rg5 40.
Rc3 Qf6 41. b4 Qf3 42. g3 Rh5 43. Kh2 Rf5 44. Rc2 Rg5 45. Rc5 Rg6 46. Re5 Rf6
47. Kg1 h5 48. h4 Rg6 49. Qb1 f5 50. Qb3+ Kf8 51. Qc2 b6 52. a5 Qg4 53. axb6
Qxh4 54. Rxf5+ Kg8 55. Rf4 Qe7 56. Qxe4 Qxe4 57. Rxe4 Rd6 58. Re8+ Kf7 59. b7
1-0